| 000 | 00620nam a22001217a 4500 | ||
|---|---|---|---|
| 040 | _cRUA | ||
| 100 | _aMOM POV. មុំ ពៅ | ||
| 245 | _aGASTRO-INTESTINAL PARASITE OF WILD BOAR AT BORKO FARM, KAMPOT PROVINCE. បរាសិតខាងក្នុងក្រពះពោះវៀនជ្រូកព្រៃនៅកសិដ្ធានចិញ្ខឹមសត្វ ភ្នំបូកគោ ខេត្តកំពត | ||
| 260 |
_aPhnom Penh _bRUA _c2020 |
||
| 300 |
_aVIII.37P _bVI. _c29CM |
||
| 856 | _uhttps://drive.google.com/file/d/1ZXipxYWn3ujyQDH_FEdwlU3w32xvFzCf/view?usp=sharing | ||
| 942 | _cVEM | ||
| 999 |
_c21660 _d21660 |
||